Dvojosové polohovadlo

Saved in:
Bibliographic Details
Main Author: Pál, Márk (Author)
Other Authors: Chovanec, Ľuboš (Thesis advisor)
Format: Manuscript Book
Language:Slovak
Published: 2019
Subjects:
Online Access:http://is.stuba.sk/zp/portal_zp.pl?podrobnosti=135436
Tags: Add Tag
No Tags, Be the first to tag this record!

MARC

LEADER 00000ntm a22000003a 4500
001 stuzp71500
003 SK-STU
005 20190718143705.9
007 ta
008 150427s2015----xo-----f-mn---000-0-slo-d
040 |a STU  |b slo 
041 0 |a slo 
044 |a xo 
100 1 |a Pál, Márk  |u 031000  |4 aut  |U FEI Fakulta elektrotechniky a informatiky  |T FEI Ústav robotiky a kybernetiky  |X 86444  |U E011  |Y 356  |7 86444 
242 0 1 |a Double Axis Positioner  |y eng 
245 1 0 |a Dvojosové polohovadlo 
260 |c 2019 
300 |a 64 s., príl.,  |b CD-ROM 
650 4 |a polohový regulátor  |2 slo 
650 4 |a šikmý vrh  |2 slo 
650 4 |a trajektória  |2 slo 
650 4 |a ladenie regulátorov  |2 slo 
650 4 |a programovanie  |2 slo 
650 4 |a Matlab  |2 slo 
650 4 |a Simulink  |2 slo 
650 4 |a position control  |2 eng 
650 4 |a projectile motion  |2 eng 
650 4 |a trajectory  |2 eng 
650 4 |a controller tuning  |2 eng 
650 4 |a programming  |2 eng 
650 4 |a Matlab  |2 eng 
650 4 |a Simulink  |2 eng 
700 1 |a Chovanec, Ľuboš  |u 031000  |k Z1  |4 ths  |U FEI Fakulta elektrotechniky a informatiky  |T FEI Ústav robotiky a kybernetiky  |X 16076  |U E011  |Y 356  |7 A000016076 
856 4 |u http://is.stuba.sk/zp/portal_zp.pl?podrobnosti=135436 
996 |b 284ER02877  |c E*Bc- 2877  |l EE31  |s P  |a 0  |w stuzp71500_0001